000 00297nam a2200133Ia 4500
100 _aYiu/Joseph
650 _aARM cortex
942 _cBK
245 _aDefinitive Guide to ARM CORTEX-M3 and CORTEX-M4 processors
260 _bElsevier
_c2014
300 _a818
546 _aENGLISH
999 _c34933
_d34933